Overcoming urban growth coalition: the case of culture-led urban revitalization in Busan, South Korea (Record no. 116883)

000 -LEADER
fixed length control field 00497pab a2200169 454500
008 - FIXED-LENGTH DATA ELEMENTS--GENERAL INFORMATION
fixed length control field 180718b2017 xxu||||| |||| 00| 0 eng d
100 ## - MAIN ENTRY--PERSONAL NAME
Personal name Joo, Yu-Min
245 ## - TITLE STATEMENT
Title Overcoming urban growth coalition: the case of culture-led urban revitalization in Busan, South Korea
260 ## - PUBLICATION, DISTRIBUTION, ETC.
Date of publication, distribution, etc. 2017
300 ## - PHYSICAL DESCRIPTION
Extent p.843-867.
362 ## - DATES OF PUBLICATION AND/OR SEQUENTIAL DESIGNATION
Dates of publication and/or sequential designation Sep
650 ## - SUBJECT ADDED ENTRY--TOPICAL TERM
Topical term or geographic name entry element Urban growth - Busan, South Korea
650 ## - SUBJECT ADDED ENTRY--TOPICAL TERM
Topical term or geographic name entry element Urban development
700 ## - ADDED ENTRY--PERSONAL NAME
Personal name Park, Se Hoon
773 ## - HOST ITEM ENTRY
Main entry heading Urban Affairs Review
909 ## -
-- 116889
Holdings
Withdrawn status Lost status Damaged status Not for loan Permanent Location Current Location Date acquired Serial Enumeration / chronology Barcode Date last seen Price effective from Koha item type
        Indian Institute of Public Administration Indian Institute of Public Administration 2018-07-19 Volume no: 53, Issue no: 5 AR117349 2018-07-19 2018-07-19 Articles

Powered by Koha